[Event "Wroclaw Anderssen Memorial op-C"]
[Site "Wroclaw"]
[Date "2023.??.??"]
[Round "2"]
[White "Kaczmarek, Tomasz"]
[Black "Biernacki, Adam"]
[Result "1-0"]
[WhiteElo "1538"]
[BlackElo "1245"]
[PlyCount "49"]
[EventDate "2023.08.06"]
[EventType "swiss"]
[EventRounds "9"]
[EventCountry "POL"]
[SourceTitle "EXT 2024"]
[Source "ChessBase"]
[SourceDate "2023.10.10"]
[SourceVersion "1"]
[SourceVersionDate "2023.10.10"]
[SourceQuality "1"]

1. d4 d5 2. Nf3 Nc6 3. g3 Nf6 4. Bg2 Bf5 5. 0-0 e6 6. Nh4 Be4 7. f3 Bg6 8. Nxg6 fxg6 9. f4 h5 10. Qd3 Ne7 11. Qb5+ Nc6 12. c3 a6 13. Qd3 Ne7 14. h3 Nf5 15. Nd2 c5 16. e4 c4 17. Qf3 dxe4 18. Nxe4 Nd5 19. Ng5 Nc7 20. Re1 Be7 21. Nxe6 Nxe6 22. Rxe6 Rh6 23. Bd2 Kf7 24. Rae1 Bd6 25. Qxb7+ 1-0

[Event "Wroclaw Anderssen Memorial op-C"]
[Site "Wroclaw"]
[Date "2023.??.??"]
[Round "8"]
[White "Kaczmarek, Tomasz"]
[Black "Kasprzak, Michal"]
[Result "1-0"]
[WhiteElo "1538"]
[BlackElo "1160"]
[PlyCount "103"]
[EventDate "2023.08.06"]
[EventType "swiss"]
[EventRounds "9"]
[EventCountry "POL"]
[SourceTitle "EXT 2024"]
[Source "ChessBase"]
[SourceDate "2023.10.10"]
[SourceVersion "1"]
[SourceVersionDate "2023.10.10"]
[SourceQuality "1"]

1. d4 d5 2. Nf3 e6 3. g3 b5 4. a4 b4 5. Bg2 Nf6 6. 0-0 Bb7 7. Nbd2 Be7 8. c4 bxc3 9. bxc3 Nbd7 10. a5 Rb8 11. Qa4 0-0 12. c4 c5 13. e3 cxd4 14. exd4 Qc8 15. c5 Bc6 16. Qa3 Re8 17. Re1 Qc7 18. Nb3 e5 19. Nxe5 Nxe5 20. Rxe5 Ne4 21. Bf4 Qb7 22. Rxe7 Qxe7 23. Bxb8 Rxb8 24. Re1 Qf6 25. Bxe4 dxe4 26. Re3 h5 27. h4 g5 28. hxg5 Qxg5 29. Nd2 Qg4 30. Kh2 Qd1 31. Qa2 Rd8 32. Qb2 Qg4 33. Nc4 f5 34. Ne5 Qg5 35. Nxc6 Rf8 36. Qb3+ Kh8 37. Qd5 h4 38. Qe5+ Kg8 39. Qf4 Qf6 40. Ne5 Kh7 41. Qxh4+ Qxh4+ 42. gxh4 Rf6 43. c6 Rh6 44. Kh3 Kg7 45. c7 Rh8 46. Rc3 Rc8 47. Nd7 Kf7 48. Nb6 axb6 49. axb6 f4 50. b7 Re8 51. c8Q e3 52. Qxe8+ 1-0

[Event "Wroclaw Anderssen Memorial op-C"]
[Site "Wroclaw"]
[Date "2023.??.??"]
[Round "1"]
[White "Kowalczuk, Paulina"]
[Black "Kaczmarek, Tomasz"]
[Result "0-1"]
[WhiteElo "1136"]
[BlackElo "1538"]
[PlyCount "152"]
[EventDate "2023.08.06"]
[EventType "swiss"]
[EventRounds "9"]
[EventCountry "POL"]
[SourceTitle "EXT 2024"]
[Source "ChessBase"]
[SourceDate "2023.10.10"]
[SourceVersion "1"]
[SourceVersionDate "2023.10.10"]
[SourceQuality "1"]

1. e4 c5 2. Nf3 g6 3. d4 cxd4 4. Nxd4 Nc6 5. Nc3 Bg7 6. Nxc6 bxc6 7. Bc4 d6 8. Be3 Nf6 9. f3 0-0 10. Qd2 Be6 11. Bxe6 fxe6 12. 0-0-0 Qa5 13. Bh6 Rfb8 14. Bxg7 Kxg7 15. Qd4 Rb4 16. Qe3 Rab8 17. b3 Qa3+ 18. Kd2 Qa5 19. Ke2 Nd7 20. Rd4 Ne5 21. Rhd1 c5 22. R4d2 Rf8 23. h3 h6 24. f4 Nc6 25. g3 Kh7 26. Ke1 Rd4 27. a4 Rxd2 28. Rxd2 Nd4 29. Qd3 g5 30. Nb5 Nxb5 31. e5+ Kg7 32. Qxb5 Qxb5 33. axb5 d5 34. Rf2 Rf5 35. Ke2 gxf4 36. gxf4 Rh5 37. Rg2+ Kf7 38. Rg3 Rf5 39. Ke3 Ke8 40. c4 d4+ 41. Ke4 Rh5 42. Kd3 Rh4 43. Ke4 Kd7 44. Rf3 Kc7 45. Kd3 Kb6 46. b4 cxb4 47. Kxd4 Ka5 48. Kc5 Ka4 49. b6 axb6+ 50. Kxb6 b3 51. c5 b2 52. Rf1 Rxh3 53. Rb1 Kb3 54. c6 Kc2 55. c7 Rc3 56. Rxb2+ Kxb2 57. Kb7 h5 58. c8Q Rxc8 59. Kxc8 h4 60. Kd8 h3 61. Kxe7 h2 62. Kxe6 h1Q 63. Kf6 Qh4+ 64. Kf5 Kc3 65. e6 Kd4 66. Kg6 Qxf4 67. e7 Qe5 68. Kf7 Qf5+ 69. Ke8 Qe6 70. Kf8 Qf6+ 71. Ke8 Ke5 72. Kd7 Qd6+ 73. Ke8 Ke6 74. Kf8 Qxe7+ 75. Kg8 Kf6 76. Kh8 Qg7# 0-1

[Event "Wroclaw Anderssen Memorial op-C"]
[Site "Wroclaw"]
[Date "2023.??.??"]
[Round "7"]
[White "Zimochocki, Roman"]
[Black "Kaczmarek, Tomasz"]
[Result "1-0"]
[WhiteElo "1461"]
[BlackElo "1538"]
[PlyCount "121"]
[EventDate "2023.08.06"]
[EventType "swiss"]
[EventRounds "9"]
[EventCountry "POL"]
[SourceTitle "EXT 2024"]
[Source "ChessBase"]
[SourceDate "2023.10.10"]
[SourceVersion "1"]
[SourceVersionDate "2023.10.10"]
[SourceQuality "1"]

1. d4 d5 2. Bf4 c5 3. e3 cxd4 4. exd4 Nc6 5. c3 Bf5 6. Nd2 e6 7. Ngf3 Nf6 8. Qb3 Qb6 9. Qxb6 axb6 10. Bb5 Nd7 11. Ne5 Ndxe5 12. Bxe5 0-0-0 13. Bg3 h5 14. f3 h4 15. Bf2 Be7 16. Be3 g5 17. 0-0-0 Bf6 18. Nb3 Kb8 19. Bd3 Bxd3 20. Rxd3 Rc8 21. Kb1 Na5 22. Re1 Nc4 23. Nd2 Nxe3 24. Rdxe3 b5 25. a3 Be7 26. R3e2 Bd6 27. Nf1 Kc7 28. h3 Bf4 29. Ne3 Bg3 30. Rd1 Rhg8 31. Ng4 Kd6 32. Kc2 f5 33. Ne5 Bxe5 34. Rxe5 g4 35. fxg4 fxg4 36. Rh5 Rcf8 37. Rxh4 Rf2+ 38. Rd2 g3 39. Rg4 Rxg4 40. hxg4 e5 41. dxe5+ Kxe5 42. Kd3 Rf4 43. Ke3 Rxg4 44. Kf3 Rg6 45. Rd4 Kd6 46. Rg4 Re6 47. Kxg3 Re2 48. Rb4 Kc5 49. Kf3 Re1 50. g4 Rf1+ 51. Kg3 Rg1+ 52. Kf4 Rf1+ 53. Kg5 Rg1 54. Kf5 Rf1+ 55. Kg6 Rg1 56. g5 Rf1 57. Kg7 Rg1 58. g6 Rg2 59. Kf6 Rf2+ 60. Kg5 d4 61. Rxd4 1-0

[Event "Warsaw Najdorf Memorial op-B"]
[Site "Warsaw"]
[Date "2021.07.16"]
[Round "7"]
[White "Olcha, Dominik"]
[Black "Kaczmarek, Tomasz"]
[Result "0-1"]
[WhiteElo "1394"]
[BlackElo "1586"]
[PlyCount "90"]
[EventDate "2021.07.10"]
[EventType "swiss"]
[EventRounds "9"]
[EventCountry "POL"]
[SourceTitle "EXT 2022"]
[Source "ChessBase"]
[SourceDate "2021.10.06"]
[SourceVersion "1"]
[SourceVersionDate "2021.10.06"]
[SourceQuality "1"]

1. e4 c5 2. Nf3 Nc6 3. d4 cxd4 4. Nxd4 e5 5. Nb5 d6 6. N1c3 a6 7. Na3 Nf6 8. Bg5 Be7 9. Bxf6 Bxf6 10. Nd5 b5 11. c4 b4 12. Nc2 a5 13. g3 0-0 14. Bg2 Rb8 15. Qd3 Bg5 16. h4 Bh6 17. Nce3 Nd4 18. Nf5 Bxf5 19. exf5 b3 20. a3 Nc2+ 21. Ke2 Nxa1 22. Rxa1 Re8 23. f6 Qd7 24. Ne7+ Rxe7 25. fxe7 Qxe7 26. Rd1 Qe6 27. Qd5 Kf8 28. Qxe6 fxe6 29. Bc6 Ke7 30. Bb5 d5 31. a4 Kd6 32. Rd3 e4 33. Rxb3 d4 34. f3 d3+ 35. Kd1 Rf8 36. f4 e5 37. c5+ Kxc5 38. Rc3+ Kd4 39. Rc4+ Kd5 40. b3 Rf6 41. Rc8 exf4 42. Rd8+ Ke5 43. Re8+ Kd4 44. g4 f3 45. Ke1 d2+ 0-1